| 000 | 00385 a2200133 4500 | ||
|---|---|---|---|
| 001 | 78024 | ||
| 082 | _a629.1309 SIM | ||
| 090 |
_c39349 _d39349 |
||
| 100 | _aSimons, David and Thomas Withington | ||
| 245 | _aHistory of flight: from aviation pioneers to space explorations | ||
| 260 |
_aChester _bMarks & Spencer _c2004 |
||
| 300 | _a384 p. : ill | ||
| 500 | _aAerospace Reference | ||
| 942 |
_aNUST-CAE _k629.1309 SIM |
||
| 999 |
_c313097 _d313097 |
||